Arsenal Squad 2026 - Statistics

General Stats
  • This quiz has been taken 71 times
  • The average score is 22 of 25
Answer Stats
Position Age Nation Answer % Correct
GK 30 Spain David Raya
100%
CB 24 France William Saliba
98%
CB 28 Brazil Gabriel
96%
LB 23 Italy Riccardo Calafiori
96%
CM 26 England Declan Rice
95%
RW 24 England Bukayo Saka
93%
CAM 27 Norway Martin Odegaard
93%
CDM 26 Spain Martin Zubimendi
93%
LW 24 Brazil Gabriel Martinelli
91%
ST 26 Germany Kai Havertz
91%
LW 31 Belgium Leandro Trossard
91%
ST 27 Sweden Viktor Gyokeres
91%
ST 28 Brazil Gabriel Jesus
89%
GK 31 Spain Kepa Arrizabalaga
89%
CB 24 Ecuador Piero Hincapie
89%
RB 28 England Ben White
88%
CDM 31 Denmark Christian Norgaard
88%
CAM 27 England Eberechi Eze
88%
RB 24 Netherlands Jurrien Timber
88%
CM 29 Spain Mikel Merino
88%
LB 19 England Miles Lewis-Skelly
86%
CB 21 Spain Cristhian Mosquera
82%
RW 16 England Max Dowman
77%
RW 23 England Noni Madueke
77%
CAM 19 England Ethan Nwaneri
74%
No matching quizzes found
Score Distribution
Percent of People with Each Score
Percentile by Number Answered
Your Score History
You have not taken this quiz